Loading...
| Fine Arts - Classical Music | 0 | 7 | 0 | 0 | 70 | 30 | 86.43 | 1 | 3 | 21.51 | 52.00 |
| Literature - European | 0 | 3 | 0 | 1 | 30 | 97 | 121.00 | 0 | 1 | 4.80 | 14.73 |
| Fine Arts - Other | 0 | 3 | 1 | 0 | 25 | 102 | 118.67 | 0 | 1 | 2.89 | 16.09 |
| History - World | 0 | 2 | 0 | 1 | 20 | 93 | 115.50 | 0 | 0 | 2.85 | 3.73 |
| Philosophy | 0 | 2 | 1 | 1 | 15 | 117 | 119.00 | 0 | 0 | 0.72 | 9.27 |
| Social Science | 0 | 1 | 0 | 0 | 10 | 58 | 58.00 | 0 | 0 | 4.68 | 7.27 |
| Fine Arts - Painting and Sculpture | 0 | 1 | 0 | 0 | 10 | 102 | 102.00 | 0 | 0 | 1.71 | 2.73 |
| Geography | 0 | 1 | 0 | 0 | 10 | 106 | 106.00 | 0 | 0 | 9.54 | 22.73 |
| Literature - American | 0 | 1 | 0 | 0 | 10 | 133 | 133.00 | 0 | 0 | 0.00 | 2.73 |
| Mythology | 0 | 1 | 0 | 0 | 10 | 38 | 38.00 | 0 | 1 | 6.89 | 9.00 |